000
00306nam a2200145Ia 4500
100
_a
Weeks/Michael
650
_a
DSP
942
_c
BK
366
_f
17.5
654
_a
DSP
245
_a
Digital signal processing using Matlab
260
_b
#N/A
_c
2007
082
_a
621.3822/WEE
_b
WEE
546
_a
ENGLISH
999
_c
20980
_d
20980